Capabilities, freedom and equality (Record no. 614)

MARC details
000 -LEADER
fixed length control field 00521 a2200169 4500
001 - CONTROL NUMBER
control field 066570
003 - CONTROL NUMBER IDENTIFIER
control field OSt
005 - DATE AND TIME OF LATEST TRANSACTION
control field 20211001151207.0
008 - FIXED-LENGTH DATA ELEMENTS--GENERAL INFORMATION
fixed length control field
082 ## - DEWEY DECIMAL CLASSIFICATION NUMBER
Classification number 330.092
Item number C17C
245 1# - TITLE STATEMENT
Title Capabilities, freedom and equality
Statement of responsibility, etc edited by Bina Agarwal
260 ## - PUBLICATION, DISTRIBUTION, ETC. (IMPRINT)
Place of publication, distribution, etc New Delhi
Name of publisher, distributor, etc Oxford University Press
Date of publication, distribution, etc 2007
300 ## - PHYSICAL DESCRIPTION
Extent 553p.
690 ## - LOCAL SUBJECT ADDED ENTRY--TOPICAL TERM (OCLC, RLIN)
Topical term or geographic name as entry element Sen, Amartya, 1933-; Sex role; Women in development; India; Economists; Feminist economics
700 ## - ADDED ENTRY--PERSONAL NAME
Personal name Agarwal, Bina
Relator term Editor
942 ## - ADDED ENTRY ELEMENTS (KOHA)
Source of classification or shelving scheme Dewey Decimal Classification
Koha item type Books
Holdings
Withdrawn status Lost status Source of classification or shelving scheme Damaged status Not for loan Collection code Home library Current library Date acquired Source of acquisition Cost, normal purchase price Full call number Barcode Date last seen Price effective from Koha item type
    Dewey Decimal Classification     General Text Book Central University Of Rajasthan Central University Of Rajasthan 07/03/2012 ENG 375.00 330.092 C17C 856 02/09/2020 02/09/2020 Books